00670nam a2200157 a 450000100100000000500170001000800410002704000250006808200150009311000500010824501880015826000710034630000200041770000320043770000430046900003203920240305140625.0110712nuuuuuuuudr 000 | spa d aDO-SdBNPbspacBNPHU axxxbR426p1 aRepública Dominicana. Constitución (1844)13aLa primera constitución política de la República Dominicana :bconstitución de San Cristóbal de 6 noviembre de 1844 /cJavier Malagón Barceló, Malaquías Gil Arantegui. aCiudad Trujillo, República Dominicana :bPol Hermanos,c[19--?]. a33 p. ;c23 cm.1 aMalagón Barceló, Javier1 aGil Arantegui, Malaquías,d1912-1988